Quel est le groupe de musique ? - Statistiques

Statistiques générales
  • Ce quiz a été pris 254 fois
  • Le résultat moyen est 10 sur 24
Statistiques - réponses
Par images Réponse % Correct
Daft Punk
86%
ABBA
81%
Coldplay
79%
KISS
79%
Indochine
61%
Maroon 5
56%
Bee Gees
55%
Imagine Dragons
54%
Destiny's Child
46%
Kyo
46%
Muse
45%
Linkin Park
44%
BB Brunes
39%
Metallica
36%
S-Crew
33%
Twenty One Pilots
32%
Téléphone
28%
Fifth Harmony
27%
Louise Attaque
26%
Depeche Mode
23%
Fugees
21%
Bon Jovi
19%
Black Sabbath
15%
Avenged Sevenfold
4%
Aucun quiz correspondant
Distribution des résultats
% des personnes avec chaque résultat
Percentile par nombre de réponses
Votre historique - résultats
Vous n’avez pas pris ce quiz